[Event "AUTO-OPEN-1857"]
[Site "http://www.queenalice.com/game.php?id=722187"]
[Date "2010.1.29"]
[Round "1"]
[White "Zacharias_Matuzalem"]
[Black "nuage"]
[Result "1-0"]
[WhiteElo "1860"]
[BlackElo "1651"]

1. Nf3 d5 2. g3 Bg4 3. Bg2 Nf6 4. c4 dxc4 5. Qa4+ c6 6. Qxc4 Be6 7. Qb4 b6 8.
O-O Nd5 9. Qh4 Nd7 10. d4 Nb4 11. Na3 h6 12. Bd2 Nd5 13. e4 N7f6 14. exd5 Qxd5
15. Ne5 Qd8 16. Bxc6+ Nd7 17. Rfe1 Rc8 18. Bb5 g5 19. Bxg5 f6 20. Qh5+ Bf7 21.
Qxf7# 1-0

[Event "AUTO-OPEN-1857"]
[Site "http://www.queenalice.com/game.php?id=722188"]
[Date "2010.1.29"]
[Round "1"]
[White "nuage"]
[Black "Zacharias_Matuzalem"]
[Result "1-0"]
[WhiteElo "1633"]
[BlackElo "1792"]

1. e4 e5 2. Nf3 Nc6 3. Bb5 Nf6 4. O-O Nxe4 5. d3 Nd6 6. Bg5 f6 7. Bxc6 dxc6 8.
Be3 Bg4 9. h3 Bh5 10. Nbd2 Be7 11. Bc5 Qd7 12. g4 Bxg4 13. hxg4 Qxg4+ 14. Kh1
O-O-O 15. Nh2 Qh4 16. Nf3 Qh3 17. Ng1 Qh4 18. Nf3 Qh3 19. Rg1 g5 20. Rg3 Qf5 21.
Bxa7 h5 22. d4 Ne4 23. Qg1 1-0

[Event "AUTO-OPEN-1857"]
[Site "http://www.queenalice.com/game.php?id=722189"]
[Date "2010.1.29"]
[Round "1"]
[White "Zacharias_Matuzalem"]
[Black "sia"]
[Result "0-1"]
[WhiteElo "1729"]
[BlackElo "2032"]

1. e4 e6 2. Nf3 Nc6 3. Bb5 a6 4. Bxc6 bxc6 5. d4 Be7 6. O-O Nf6 7. Re1 O-O 8. c4
d5 9. e5 Ne4 10. Nbd2 Nxd2 11. Bxd2 h6 12. c5 Rb8 13. Rb1 f6 14. Bc3 f5 15. Qd3
Bg5 16. Nxg5 Qxg5 17. g3 f4 18. Bd2 Qg4 19. Kg2 f3+ 20. Kg1 Rf5 21. Ba5 Rf4 0-1

[Event "AUTO-OPEN-1857"]
[Site "http://www.queenalice.com/game.php?id=722190"]
[Date "2010.1.29"]
[Round "1"]
[White "sia"]
[Black "Zacharias_Matuzalem"]
[Result "1-0"]
[WhiteElo "2028"]
[BlackElo "1733"]

1. b3 Nf6 2. Bb2 e6 3. g3 Be7 4. Bg2 d5 5. Nf3 O-O 6. d3 c5 7. O-O Nc6 8. Nbd2
Bd7 9. Ne5 d4 10. Nxd7 Qxd7 11. Nc4 b5 12. Na3 a6 13. c3 e5 14. cxd4 cxd4 15.
Rc1 Rac8 16. Bxc6 Rxc6 17. Qd2 Rfc8 18. Rxc6 Rxc6 19. Rc1 Nd5 20. e4 dxe3 21.
fxe3 Rxc1+ 22. Qxc1 1-0

[Event "AUTO-ADV-1632"]
[Site "http://www.queenalice.com/game.php?id=722367"]
[Date "2010.1.29"]
[Round "1"]
[White "acm_chessmaster"]
[Black "Zacharias_Matuzalem"]
[Result "1-0"]
[WhiteElo "1784"]
[BlackElo "1813"]

1. e4 c5 2. Nf3 d6 3. d4 cxd4 4. Qxd4 Nc6 5. Qa4 Bd7 6. Qc4 Rc8 7. Ng5 Ne5 8.
Qe2 Nf6 9. Nc3 Qa5 10. Bd2 Qb6 11. Na4 Bxa4 12. b3 Bd7 13. Nf3 Bg4 14. O-O-O Qc5
15. c4 b5 16. Bc3 Nxf3 17. gxf3 Be6 18. Bxf6 gxf6 19. Qe3 Qa3+ 20. Kb1 bxc4 21.
Rc1 cxb3 22. Rxc8+ Bxc8 23. Qxb3 Qxb3+ 24. axb3 Be6 25. Ka2 Bh6 26. Bc4 Bxc4 27.
bxc4 Kd7 28. Rb1 1-0

[Event "AUTO-ADV-1632"]
[Site "http://www.queenalice.com/game.php?id=722368"]
[Date "2010.1.29"]
[Round "1"]
[White "Zacharias_Matuzalem"]
[Black "acm_chessmaster"]
[Result "0-1"]
[WhiteElo "1832"]
[BlackElo "1765"]

1. d4 d5 2. Nf3 Nf6 3. c4 dxc4 4. Nc3 e6 5. a3 Nc6 6. e4 Be7 7. Bxc4 O-O 8. O-O
a6 9. e5 Nd7 10. Bb3 Na5 11. Ba2 b6 12. b4 Nc6 13. Qc2 Bb7 14. h4 Bxh4 15. Ne4
Qe7 16. Neg5 Bxg5 17. Nxg5 g6 18. Re1 Rac8 19. Qb3 Nxd4 20. Qh3 h5 21. Bb2 Qxg5
22. Bxd4 Qg4 23. Qxg4 hxg4 24. Bb2 Kg7 25. Rad1 Rcd8 26. Rd4 Bd5 27. Bxd5 exd5
28. Rxg4 Nb8 0-1

[Event "AUTO-ADV-1632"]
[Site "http://www.queenalice.com/game.php?id=722381"]
[Date "2010.1.29"]
[Round "1"]
[White "rodracena"]
[Black "Zacharias_Matuzalem"]
[Result "1-0"]
[WhiteElo "2067"]
[BlackElo "1708"]

1. d4 Nf6 2. c4 c5 3. Nf3 Nc6 4. d5 Nb8 5. Nc3 e6 6. dxe6 fxe6 7. e4 Nc6 8. Bg5
Be7 9. Be2 Qa5 10. O-O d6 11. a3 a6 12. Qd2 O-O 13. Rfd1 e5 14. Bxf6 Rxf6 15.
Nd5 Rf7 16. Qxa5 Nxa5 17. Nxe7+ Rxe7 18. Rxd6 Bg4 19. Rad1 Bxf3 20. Bxf3 Nxc4
21. Rd8+ 1-0

[Event "AUTO-ADV-1632"]
[Site "http://www.queenalice.com/game.php?id=722382"]
[Date "2010.1.29"]
[Round "1"]
[White "Zacharias_Matuzalem"]
[Black "rodracena"]
[Result "1/2-1/2"]
[WhiteElo "1906"]
[BlackElo "2066"]

1. d4 e6 2. e4 b6 3. c4 Bb7 4. Nc3 Bb4 5. Qc2 Ne7 6. Bg5 f6 7. Bd2 O-O 8. f3
Bxc3 9. bxc3 d5 10. cxd5 exd5 11. Bd3 dxe4 12. Bxe4 Bxe4 13. fxe4 Nbc6 14. Nf3
Re8 15. O-O Ng6 16. Qa4 Nce7 1/2-1/2

[Event "AUTO-ADV-1632"]
[Site "http://www.queenalice.com/game.php?id=722389"]
[Date "2010.1.29"]
[Round "1"]
[White "Guigafmoraes"]
[Black "Zacharias_Matuzalem"]
[Result "1-0"]
[WhiteElo "1933"]
[BlackElo "1699"]

1. d4 d5 2. c4 c6 3. Nf3 Nf6 4. Nc3 e6 5. Bg5 dxc4 6. a4 Bb4 7. e4 Qa5 8. Bd2
O-O 9. Bxc4 Nbd7 10. e5 Nd5 11. Rc1 N7b6 12. Bd3 Bd7 13. O-O f6 14. Nxd5 Nxd5
15. Bxb4 Qxb4 16. Qc2 h5 17. Bh7+ Kh8 18. Be4 Nf4 19. Nh4 Qxd4 20. g3 Nh3+ 21.
Kg2 Ng5 22. Ng6+ 1-0

[Event "AUTO-ADV-1632"]
[Site "http://www.queenalice.com/game.php?id=722390"]
[Date "2010.1.29"]
[Round "1"]
[White "Zacharias_Matuzalem"]
[Black "Guigafmoraes"]
[Result "0-1"]
[WhiteElo "1706"]
[BlackElo "1926"]

1. e4 c5 2. Nf3 d6 3. d4 cxd4 4. Nxd4 Nf6 5. Nc3 e5 6. Ndb5 a6 7. Na3 Be6 8. Bg5
b5 9. Nd5 Bxd5 10. exd5 Be7 11. c4 b4 12. Nc2 a5 13. Be2 Nxd5 14. Qxd5 Ra7 15.
Be3 Rd7 16. O-O Qc7 17. Bg4 Rd8 18. f4 O-O 19. fxe5 dxe5 20. Qf3 Qxc4 0-1

[Event "AUTO-ADV-1516"]
[Site "http://www.queenalice.com/game.php?id=730123"]
[Date "2010.2.11"]
[Round "2"]
[White "ironildo_luiz"]
[Black "Zacharias_Matuzalem"]
[Result "1-0"]
[WhiteElo "1766"]
[BlackElo "1663"]

1. e4 e6 2. d4 d5 3. Nc3 Nf6 4. e5 Nfd7 5. f4 c5 6. Nf3 Nc6 7. Be3 cxd4 8. Nxd4
Qb6 9. Rb1 Bc5 10. Nce2 f6 11. exf6 Nxf6 12. Nxc6 1-0

[Event "AUTO-ADV-1516"]
[Site "http://www.queenalice.com/game.php?id=730124"]
[Date "2010.2.11"]
[Round "2"]
[White "Zacharias_Matuzalem"]
[Black "ironildo_luiz"]
[Result "0-1"]
[WhiteElo "1651"]
[BlackElo "1778"]

1. Nf3 Nf6 2. g3 b6 3. Bg2 Bb7 4. c4 e6 5. O-O Be7 6. Nc3 O-O 7. d3 d6 8. Bg5 h6
9. Be3 c5 10. h3 Qc7 11. Nb5 Qd7 12. a3 a6 0-1

[Event "AUTO-ADV-1516"]
[Site "http://www.queenalice.com/game.php?id=730127"]
[Date "2010.2.11"]
[Round "2"]
[White "FabianoSales"]
[Black "Zacharias_Matuzalem"]
[Result "1-0"]
[WhiteElo "2020"]
[BlackElo "1849"]

1. d4 d5 2. c4 c6 3. Nc3 Nf6 4. Nf3 e6 5. a3 Nbd7 6. Bf4 dxc4 7. e4 b5 8. a4 Ba6
9. e5 Nh5 10. Bg5 f6 11. axb5 Bxb5 12. Nd2 fxg5 13. Qxh5+ g6 14. Qf3 Bb4 15. Be2
c5 16. Nxb5 Qa5 17. Rxa5 1-0

[Event "AUTO-ADV-1516"]
[Site "http://www.queenalice.com/game.php?id=730128"]
[Date "2010.2.11"]
[Round "2"]
[White "Zacharias_Matuzalem"]
[Black "FabianoSales"]
[Result "0-1"]
[WhiteElo "1840"]
[BlackElo "2029"]

1. e4 e5 2. Nf3 Nc6 3. Bb5 Nge7 4. c3 a6 5. Ba4 b5 6. Bc2 Bb7 7. d4 d6 8. O-O
Ng6 9. Nbd2 Be7 10. a4 O-O 11. Re1 exd4 12. cxd4 Nb4 13. Bb1 Bc6 14. Qb3 d5 15.
exd5 bxa4 16. Qe3 Nxd5 0-1

[Event "AUTO-ADV-1516"]
[Site "http://www.queenalice.com/game.php?id=730129"]
[Date "2010.2.11"]
[Round "2"]
[White "Tchecmaurice"]
[Black "Zacharias_Matuzalem"]
[Result "1-0"]
[WhiteElo "1896"]
[BlackElo "1725"]

1. d4 Nf6 2. c4 e6 3. Nc3 Bb4 4. Bd2 Be7 5. e4 d5 6. Bd3 dxc4 7. e5 cxd3 8. exf6
Bxf6 9. Nf3 Bxd4 10. Nxd4 Qxd4 11. Be3 Qb4 12. O-O Qxb2 13. Qxd3 Nd7 14. Nb5 O-O
15. Nxc7 Rb8 16. Bd4 Ne5 17. Qe4 1-0

[Event "AUTO-ADV-1516"]
[Site "http://www.queenalice.com/game.php?id=730130"]
[Date "2010.2.11"]
[Round "2"]
[White "Zacharias_Matuzalem"]
[Black "Tchecmaurice"]
[Result "0-1"]
[WhiteElo "1716"]
[BlackElo "1911"]

1. d4 Nf6 2. c4 e6 3. Nf3 d5 4. Nc3 Bb4 5. Bg5 O-O 6. e3 c5 7. dxc5 Bxc5 8. cxd5
exd5 9. Bxf6 Qxf6 10. Bd3 Bb4 11. Qc2 h6 12. O-O Be6 13. Nb5 Nc6 14. Nc7 Rac8
15. Nxe6 fxe6 16. Qe2 e5 17. Bc2 e4 0-1

[Event "egosofico"]
[Site "http://www.queenalice.com/game.php?id=731764"]
[Date "2010.2.14"]
[Round "3"]
[White "alterego"]
[Black "Zacharias_Matuzalem"]
[Result "1-0"]
[WhiteElo "1805"]
[BlackElo "1912"]

1. e4 c5 2. Nf3 Nc6 3. d4 cxd4 4. Nxd4 Nf6 5. Nc3 e5 6. Nf3 Bb4 7. Bd2 d6 8. a3
Ba5 9. Bc4 O-O 10. b4 Bc7 11. h3 Nd4 12. Nxd4 exd4 13. Ne2 Nxe4 14. O-O 1-0

[Event "AUTO-OPEN-1733"]
[Site "http://www.queenalice.com/game.php?id=739641"]
[Date "2010.3.1"]
[Round "2"]
[White "Zacharias_Matuzalem"]
[Black "wiking"]
[Result "0-1"]
[WhiteElo "1794"]
[BlackElo "2303"]

1. d4 d5 2. Nc3 f5 3. g4 fxg4 4. Bg2 Nf6 5. Bg5 Qd6 6. Bxf6 gxf6 7. Nxd5 c6 8.
Nc3 Na6 9. e4 h5 10. Qd2 Bh6 11. Qd3 Nb4 0-1

[Event "AUTO-OPEN-1733"]
[Site "http://www.queenalice.com/game.php?id=739642"]
[Date "2010.3.1"]
[Round "2"]
[White "wiking"]
[Black "Zacharias_Matuzalem"]
[Result "1-0"]
[WhiteElo "2302"]
[BlackElo "1796"]

1. b4 d5 2. Bb2 e6 3. e3 Nf6 4. b5 Bd7 5. Nf3 Bc5 6. Nc3 O-O 7. Bd3 c6 8. a4 a6
9. Ne5 axb5 10. axb5 Rxa1 11. Qxa1 Qc7 12. f4 1-0